Alleviating poverty: case studies of local-level linkages and processes in the developing world (Record no. 405075)

000 -LEADER
fixed length control field 00543cam a22001577a 4500
008 - FIXED-LENGTH DATA ELEMENTS--GENERAL INFORMATION
fixed length control field 180718b2005 xxu||||| |||| 00| 0 eng d
020 ## - INTERNATIONAL STANDARD BOOK NUMBER
International Standard Book Number 8186962832
082 ## - DEWEY DECIMAL CLASSIFICATION NUMBER
Classification number Q31x1724 M527
245 ## - TITLE STATEMENT
Title Alleviating poverty: case studies of local-level linkages and processes in the developing world
Statement of responsibility, etc. edited by Vineetha Menon, P.R. Gopinathan Nair and K.N. Nair
260 ## - PUBLICATION, DISTRIBUTION, ETC.
Place of publication, distribution, etc. Noida
Name of publisher, distributor, etc. Rainbow
Date of publication, distribution, etc. 2005
300 ## - PHYSICAL DESCRIPTION
Extent 335p.
650 ## - SUBJECT ADDED ENTRY--TOPICAL TERM
Topical term or geographic name entry element Poverty - Developing countries
700 ## - ADDED ENTRY--PERSONAL NAME
Personal name Nair, K.N.
700 ## - ADDED ENTRY--PERSONAL NAME
Personal name Nair, P.R. Gopinathan
700 ## - ADDED ENTRY--PERSONAL NAME
Personal name Menon, Vineetha
Holdings
Withdrawn status Lost status Damaged status Not for loan Permanent Location Current Location Date acquired Full call number Barcode Date last seen Price effective from Koha item type
        Indian Institute of Public Administration Indian Institute of Public Administration 2006-02-22 Q31x1724 M527 80938 2018-07-21 2018-07-21 Book

Powered by Koha